Nghiên cứu khả năng ứng dụng của bùn đỏ trong công nghệ Bayer để dùng trong xúc tác Fenton dị thể : Luận văn Thạc sĩ Hóa học chuyên ngành Hóa lý thuyết và hóa lý

Đề tài nghiên cứu điều chế các mẫu xúc tác cho phản ứng Fenton dị thể lấy nguồn nguyên liệu chính là bùn đỏ, khảo sát và tìm ra các mẫu có hoạt tính xúc tác cao.

Sparad:
Bibliografiska uppgifter
Huvudupphovsman: Võ, Ngọc Kiều
Materialtyp: Bok
Språk:Undetermined
Publicerad: Cần Thơ Trường Đại học Cần Thơ 2010
Ämnen:
Taggar: Lägg till en tagg
Inga taggar, Lägg till första taggen!
Thư viện lưu trữ: Trung tâm Học liệu Trường Đại học Cần Thơ
LEADER 01152nam a2200217Ia 4500
001 CTU_162233
008 210402s9999 xx 000 0 und d
082 |a 541.3 
082 |b K309 
088 |a 60440119 
100 |a Võ, Ngọc Kiều 
245 0 |a Nghiên cứu khả năng ứng dụng của bùn đỏ trong công nghệ Bayer để dùng trong xúc tác Fenton dị thể : 
245 0 |b Luận văn Thạc sĩ Hóa học chuyên ngành Hóa lý thuyết và hóa lý 
245 0 |c Võ Ngọc Kiều ; Bùi Trung (Hướng dẫn khoa học) 
260 |a Cần Thơ 
260 |b Trường Đại học Cần Thơ 
260 |c 2010 
520 |a Đề tài nghiên cứu điều chế các mẫu xúc tác cho phản ứng Fenton dị thể lấy nguồn nguyên liệu chính là bùn đỏ, khảo sát và tìm ra các mẫu có hoạt tính xúc tác cao. 
650 |a Chemistry, physical and theoretical,Hóa học, vật lý và lý thuyết 
904 |i Trọng Hải 
980 |a Trung tâm Học liệu Trường Đại học Cần Thơ